00898nam a2200253 a 450000100060000000300080000600500170001400800410003103500190007204000310009104100080012208200250013010000260015524500780018126000490025930000320030850400390034065000320037965000320041165000320044394200120047599900170048795201400050472446BD-RjUL20211209082248.0170518s1957 nyua b 001 0 eng d a(BD-RjUL)72664 aDLC/ICUcICUdBD-RjULbeng aeng00223a541.39bBUT 19571 aBurr, John G.921427010aTracer applications for the study of organic reactions /cJohn Green Burr aNew York :bInterscience Publishers,cc1957. ax, 291 p. :bill. ;c24 cm. aIncludes bibliography and indexes. 0aChemical reactions.9214271 0aTracers (Chemistry)9159484 0aChemistry, Organic.9214272 2ddccBK c72446d72446 00102ddc40718NFICaRUCLbRUCLcReadingd1963-02-01eZeitlingerg68.00l0o541.39 BUT 1957r2017-05-18 00:00:00tC-1w2017-05-18yBK